System integration process for accelerated development (Record no. 180547)

MARC details
000 -LEADER
fixed length control field 00477nam a2200169Ia 4500
005 - DATE AND TIME OF LATEST TRANSACTION
control field 20250425143622.0
008 - FIXED-LENGTH DATA ELEMENTS--GENERAL INFORMATION
fixed length control field 231217s9999 xx 000 0 und d
020 ## - INTERNATIONAL STANDARD BOOK NUMBER
International Standard Book Number 9780768008845
082 ## - DEWEY DECIMAL CLASSIFICATION NUMBER
Classification number 005.1 MEN;1 R
100 ## - MAIN ENTRY--PERSONAL NAME
Personal name Menne, R J Rechs, M N
245 #0 - TITLE STATEMENT
Title System integration process for accelerated development
260 ## - PUBLICATION, DISTRIBUTION, ETC. (IMPRINT)
Date of publication, distribution, etc. 2002
Name of publisher, distributor, etc. SAE
Place of publication, distribution, etc. Warrendale
300 ## - PHYSICAL DESCRIPTION
Extent vi+253
500 ## - GENERAL NOTE
General note Content page available
650 ## - SUBJECT ADDED ENTRY--TOPICAL TERM
Topical term or geographic name as entry element integration,process,accelerated
942 ## - ADDED ENTRY ELEMENTS (KOHA)
Koha item type Books
Holdings
Date last seen Total Checkouts Full call number Accession number Old discount Uniform Resource Identifier Cost, replacement price Price effective from Category Lost status Damaged status Department Withdrawn status bill no. bill date Permanent Location Current Location Shelving location Entry date Vendor Cost, normal purchase price Grants Currency symbol Conversion rate Discount Discount type
26/01/2024   005.1 MEN;1 R 48963 20 digital/contents/48963.pdf 1005.18 26/01/2024 Books     Central Library   7355 23/03/2009 Central Library Central Library Central Library 11/04/2008 Allied publ. 29.99 ME/PG USD 41.9 6 Rupees

© For any Suggestions or Query, please contact the library staff @ librarian@pes.edu or Phone: +9180 2672 1983/ 2108.